000 00366nam a22001577a 4500
005 20200527111121.0
008 200527b xxu||||| |||| 00| 0 eng d
041 _aeng
082 _a340
100 _aBARE ACT
_95744
245 _aTHE CONTONMENTS ACT,2006
260 _aDELHI
_bPROFESIONALS BOOK PUBLISHERS
300 _a125;p
650 _aLAW
_95701
942 _cBK
999 _c6539
_d6537